000 00423nam a22001217a 4500
003 SGT
082 _a370.71,सैनी
100 _aसैनी रविंदर
245 _aशिक्षक शिक्षा का परिप्रेक्ष्य
260 _aदिल्ली
_bरिनोवा अंतर्राष्ट्रीय प्रकाशन
_c2025
300 _a250
942 _2ddc
_cBK
999 _c34217
_d34217